5HLuxD.jpg

KING HENRY VIII SENIOR AND PRIMARY SCHOOL LIBRARY OPAC

My design in progress : (Record no. 4984)

000 -LEADER
fixed length control field 00505nam a22001455i 4500
008 - FIXED-LENGTH DATA ELEMENTS--GENERAL INFORMATION
fixed length control field 220411s2020 miua d 000 0 eng
010 ## - LIBRARY OF CONGRESS CONTROL NUMBER
LC control number 2021278765
020 ## - INTERNATIONAL STANDARD BOOK NUMBER
International Standard Book Number 9780310770695
020 ## - INTERNATIONAL STANDARD BOOK NUMBER
International Standard Book Number 0310770696
082 04 - DEWEY DECIMAL CLASSIFICATION NUMBER
Classification number 745.5
Edition number 23
100 ## - MAIN ENTRY--PERSONAL NAME
Personal name zondervan
245 00 - TITLE STATEMENT
Title My design in progress :
Remainder of title a journal to unleash your imagination /
Statement of responsibility, etc. [cover design: Cindy Davis ; interior design: Denise Froehlich ; contributor: Estee Zandee]
300 ## - PHYSICAL DESCRIPTION
Extent 1 volume (unpaged) :
Other physical details color illustrations ;
Dimensions 24 cm
942 ## - ADDED ENTRY ELEMENTS (KOHA)
Source of classification or shelving scheme
Holdings
Withdrawn status Lost status Source of classification or shelving scheme Damaged status Not for loan Collection code Permanent Location Current Location Shelving location Date acquired Total Checkouts Full call number Barcode Date last seen Date last checked out Price effective from Koha item type Public note
          Fiction KH8 Primary School Library KH8 Primary School Library Fiction 2025-04-29 6 745.5 ZON KHPL000006900 2026-04-20 2026-04-13 2025-04-29 Books - Fiction KH8 PRIMARY LIBRARY

Powered By KH8 IT Dept